|
|
|
|
| LEADER |
00000nkm a2200000 a 4500 |
| 001 |
vtls008628840 |
| 003 |
SK-MaSNL |
| 005 |
20260331204738.0 |
| 007 |
kj cou |
| 008 |
200701s2005 xo g kuslo |
| 015 |
|
|
|a SNBG2006/02-00574
|
| 040 |
|
|
|a SNK
|b slo
|c SNK
|e AACR2
|
| 041 |
|
|
|a slo
|
| 043 |
|
|
|a e-xo---
|
| 044 |
|
|
|a xo
|c SK
|
| 080 |
|
|
|a (437.6)
|2 2001
|
| 080 |
|
|
|a 7.026
|2 2001
|
| 080 |
|
|
|a (059)
|2 2001
|
| 080 |
|
|
|a 75(437.6)
|2 2001
|
| 100 |
1 |
|
|a Mičúchová, Anna
|4 pht
|9 45717
|
| 245 |
1 |
0 |
|a Slovenské maliarstvo 2006
|h grafika
|b generácia 1909
|c photo: Anna Mičúchová, Norbert Gross
|
| 260 |
|
|
|a [Banská Bystrica]
|b Spektrum Grafik
|c [2005]
|
| 300 |
|
|
|a 1 kalendár ([13] l.)
|b fareb. fotogr.
|c 60 x 47 cm
|
| 500 |
|
|
|a Mesačný kalendár
|
| 648 |
|
7 |
|a 1909
|2 SNKPH
|9 400875
|
| 650 |
0 |
7 |
|a slovenské maliarstvo
|2 SNKPH
|9 3124
|
| 651 |
|
7 |
|a Slovensko
|2 SNKPH
|9 14231
|
| 655 |
|
7 |
|a nástenné viaclistové kalendáre
|2 SNKPH
|9 302208
|
| 655 |
|
7 |
|a reprodukcie umeleckých diel
|2 SNKPH
|9 70730
|
| 700 |
1 |
|
|a Gross, Norbert
|4 pht
|9 400876
|
| 919 |
|
|
|a ISBN
|
| 958 |
|
|
|a GBN
|
| 999 |
|
|
|c 651746
|d 653676
|
| 952 |
|
|
|a SNK
|b SNK
|y PREZ
|7 0
|p 17A0501313
|o snkOSA 799
|i snk2006/4883
|8 0
|0 0
|1 0
|4 0
|d 2006-03-07
|l 0
|r 2026-02-23 18:24:40
|w 2026-02-23
|
| 952 |
|
|
|a SNK
|b SNK
|y VYP
|7 0
|p 17A0501314
|o snkOSA 799 D1
|i snk2006/4884
|8 0
|0 0
|1 0
|4 0
|d 2006-03-07
|l 0
|r 2026-02-23 18:24:40
|w 2026-02-23
|